Amino Acids by Structure - Statistics

General Stats
  • This quiz has been taken 20 times
  • The average score is 14 of 20
Answer Stats
Picture Answer % Correct
Glycine
100%
Alanine
90%
Tryptophan
90%
Leucine
80%
Methionine
80%
Phenylalanine
80%
Aspartic Acid
70%
Cysteine
70%
Glutamic Acid
70%
Isoleucine
70%
Lysine
70%
Proline
70%
Serine
70%
Tyrosine
70%
Valine
70%
Arginine
60%
Glutamine
60%
Histidine
60%
Threonine
60%
Asparagine
50%
No matching quizzes found
Score Distribution
Percent of People with Each Score
Percentile by Number Answered
Your Score History
You have not taken this quiz